[Event "POL Youth-ch U20 Girls 2020"]
[Site "Pokrzywna"]
[Date "2020.12.04"]
[Round "7.3"]
[White "Marcinczyk, Monika"]
[Black "Kiolbasa, Oliwia"]
[Result "0-1"]
[WhiteElo "2030"]
[BlackElo "2260"]
[Annotator "TA"]
[PlyCount "104"]
[EventDate "2020.11.29"]
[EventType "swiss"]
[EventCountry "POL"]
[SourceTitle "playchess.com"]
[Source "ChessBase"]
[SourceQuality "1"]

{[%evp 19,104,33,52,44,57,46,59,52,60,42,33,6,11,13,12,14,14,3,60,47,63,10,29,0,0,0,0,0,38,-331,11,0,20,-117,-100,-113,-95,-102,0,-12,-16,0,25,25,25,0,6,3,22,-103,-83,-83,-83,-157,-96,-229,-231,-224,-229,-275,-275,-260,-256,-257,-257,-314,-270,-328,-329,-309,-296,-331,-312,-381,-380,-376,-364,-355,-355,-394,-393,-416,-410,-485,-485,-473,-473]} 1. e4 c5 2. Nf3 Nc6 3. d4 cxd4 4. Nxd4 Nf6 5. Nc3 d6 6. Be2 e5 7. Nb3 Be7 8. O-O O-O 9. Be3 a5 {9...Be6 might become the main line.} 10. Nd2 Rb8 11. a4 {B59: Classical Sicilian: 6 Be2 e5 7 Nb3.} d5 12. Nxd5 Nxd5 13. exd5 {White is slightly better.} Qxd5 14. Bc4 Qd6 {[#]} 15. f4 $146 ({Predecessor:} 15. c3 Qg6 16. Re1 Kh8 17. Qe2 f5 18. f4 Bd6 19. Qf2 Bd7 20. Rad1 Rbe8 21. Bb5 exf4 22. Bxf4 Bxf4 23. Qxf4 Rxe1+ 24. Rxe1 {1-0 (51) Schulenburg,B-Zierke,O (2225) Germany 1992}) 15... Qg6 16. c3 Bf5 17. Kh1 Rbd8 18. Qf3 e4 (18... h6 $11) 19. Qf2 $14 Rfe8 20. Bb6 (20. Rae1 $14) 20... Rd6 21. Qe3 Nb4 22. cxb4 Rxb6 23. Bb5 Rc8 24. Nc4 $2 {[%mdl 8192] [#]} (24. Rfc1 $14 {stays ahead.}) 24... Rf6 $2 (24... Rxb5 $1 $19 {[%mdl 512]} 25. axb5 Rxc4 26. bxa5 Rc2 $1 {[%mdl 512]}) 25. bxa5 Bc5 26. Qc3 {[#]} (26. Qe2 $11) 26... Qh5 $1 $17 27. Rae1 Rh6 {[%csl Gh6][%cal Rh5h2]} 28. h3 {[#]} e3 $1 {[%mdl 512]} 29. Rxe3 $11 ({Wrong is} 29. Nxe3 $2 {[#]} Bxh3 $1 {[%mdl 512]} 30. Kg1 Bg4 $19) 29... Bxe3 $40 {[%mdl 128] White needs to defend precisely.} 30. Qxe3 Be6 31. Re1 Rd8 32. Kh2 Qd5 33. Ne5 Rf6 34. Bc4 (34. Nd3 $11) 34... Qd4 {Black converts the advantage convincingly.} 35. Qxd4 Rxd4 36. Bxe6 (36. b3 $142) 36... Rxe6 $17 {[%mdl 4096] Endgame KRR-KRN} (36... fxe6 $142 37. g3 Rd2+ 38. Kg1 Rxb2) 37. f5 (37. Rc1 $17 g5 38. Rc5) 37... Re8 $19 38. Rc1 Rxa4 39. Nc4 Rc8 40. b3 {[#]} Rxa5 $1 {[%mdl 512]} 41. Re1 (41. Nxa5 Rxc1) 41... Rac5 ({Less strong is} 41... Rxf5 42. Nd6 $15) 42. Nd6 Rf8 43. b4 Rd5 44. Nxb7 Rxf5 45. Nc5 h6 46. Re4 Rd8 47. Rc4 Rfd5 48. Nb3 Kh7 49. Rc7 R8d7 50. Rc6 Rb7 51. Rc5 Rxc5 52. Nxc5 Rxb4 {Weighted Error Value: White=0.42/Black=0.28} 0-1

[Event "POL Youth-ch U20 Girls 2020"]
[Site "Pokrzywna"]
[Date "2020.12.04"]
[Round "7.4"]
[White "Cieslak, Wiktoria"]
[Black "Malicka, Maria"]
[Result "0-1"]
[WhiteElo "2008"]
[BlackElo "2291"]
[Annotator "TA"]
[PlyCount "92"]
[EventDate "2020.11.29"]
[EventType "swiss"]
[EventCountry "POL"]
[SourceTitle "playchess.com"]
[Source "ChessBase"]
[SourceQuality "1"]

{[%evp 15,92,16,8,12,15,13,31,1,11,9,10,0,0,0,0,-7,-8,-1,0,0,13,21,14,-7,-4,-12,-13,-10,-2,-22,0,-19,-31,-41,-41,-81,-70,-88,-70,-62,-66,-60,-67,-149,-142,-209,-196,-229,-206,-248,-125,-170,-165,-147,-89,-129,-133,-142,-139,-119,-100,-114,-93,-172,-107,-202,-175,-225,-231,-233,-177,-86,-80,-800,-723,-883,-858,-6370,-6241]} 1. e4 c5 2. Nf3 d6 3. d4 cxd4 4. Nxd4 Nf6 5. Nc3 a6 6. g3 e5 7. Nde2 Be7 8. Bg2 b5 9. Nd5 {B91: Sicilian Najdorf: 6 g3.} Nbd7 10. Nec3 O-O 11. O-O {White is slightly better.} Nb6 12. Nxf6+ Bxf6 {[#]} 13. Nd5 $146 ({Predecessor:} 13. b3 Qc7 14. Qd3 Be6 15. Ba3 Rfc8 16. Bb4 Qd7 17. Rfd1 a5 18. Bxd6 b4 19. Nb5 {½-½ (44) Wei,Y (2732)-Duda,J (2753) chess24.com INT 2020}) 13... Nxd5 14. Qxd5 Be6 15. Qd1 Rc8 16. c3 Rc6 17. Be3 Bc4 18. Re1 Bg5 19. b3 Be6 20. Qd2 Bxe3 21. Rxe3 Qc7 22. Rd3 Rd8 23. h3 a5 24. f4 f6 25. Bf1 a4 26. Rb1 $1 axb3 27. axb3 Rc8 {[%cal Rc6c3]} 28. f5 Bf7 {[%cal Rc6c3]} 29. Kh1 (29. Kf2 $15) 29... Rxc3 $17 30. Rxd6 (30. Qxc3 $17 {might work better.} Qxc3 31. Rxc3 Rxc3 32. Bxb5) 30... h6 $19 ({Not} 30... Rxg3 $2 {[#]} 31. Rc1 $3 $18 {[%mdl 512]}) ({And not} 30... Bxb3 31. Rxb3 $1 {[%mdl 512]} Rxb3 32. Qd5+ Qf7 33. Rd8+ Rxd8 34. Qxd8+ Qf8 35. Qd5+ Qf7 36. Qd8+ Qf8 37. Qd5+ Qf7 38. Qd8+ $11) 31. Rd3 Rc2 32. Qe3 Be8 (32... b4 $19 33. Qe1 Ra8) 33. Rd2 {White wants to play Bc4+!} Rxd2 34. Qxd2 Bc6 ({Black should play} 34... Qc3 35. Qd5+ Kh7) 35. Re1 Rd8 $36 {[%mdl 2048] White is under strong pressure.} 36. Qc2 Rd4 {Strongly threatening ...Bxe4+!} 37. Bg2 Qb7 38. Kh2 Kh7 39. Qe2 (39. h4 $17) 39... Be8 ({Black should try} 39... Qd7 $19 40. Qf3 b4) 40. Rc1 (40. Rd1 $17 {is a better defense.}) 40... Bf7 41. Rc5 b4 ({Don't take} 41... Bxb3 42. Qxb5 Qxb5 43. Rxb5 $17) 42. Qc2 {Hoping for Rc7.} Qb6 {aiming for ...Bxb3!} 43. Rc8 Rd8 44. Rc6 $2 {[%mdl 8192]} (44. Rxd8 $17 Qxd8 45. Bf3) 44... Qe3 {Threatens to win with ...Rd2.Black is clearly winning.} 45. Rc7 Rd2 46. Qc1 Bxb3 {Accuracy: White = 47%, Black = 83%.} 0-1

[Event "POL Youth-ch U20 Girls 2020"]
[Site "Pokrzywna"]
[Date "2020.12.04"]
[Round "7.5"]
[White "Kulpa, Zuzanna"]
[Black "Wikar, Martyna"]
[Result "0-1"]
[WhiteElo "1806"]
[BlackElo "2171"]
[Annotator "TA"]
[PlyCount "70"]
[EventDate "2020.11.29"]
[EventType "swiss"]
[EventCountry "POL"]
[SourceTitle "playchess.com"]
[Source "ChessBase"]
[SourceQuality "1"]

{[%evp 9,69,51,69,33,39,30,34,10,52,-14,-20,-20,-22,-18,97,95,134,127,156,152,152,102,117,84,91,83,85,104,186,128,145,142,149,142,157,143,160,113,174,55,54,22,85,0,0,0,0,-2,0,-126,-124,-123,-118,-126,-117,-121,-120,-118,-103,-445,-439,-29999]} 1. d4 d6 2. Nf3 f5 3. g3 Nf6 4. Bg2 c6 5. O-O Qc7 6. b3 {A81: Dutch Defence: 2 g3.} e5 7. dxe5 dxe5 8. Bb2 {White is slightly better.} Nbd7 (8... e4 $5 {[%cal Re4f3]}) 9. Nbd2 (9. e4 $14) 9... e4 $11 10. Nd4 Ne5 {[#]} 11. f3 $146 {[%cal Rf3e4]} ({Predecessor:} 11. e3 Bc5 12. Qe2 O-O 13. Nc4 Nf7 14. a4 Bd7 15. Rfd1 Ng4 16. Bh3 Ng5 17. Bg2 {1-0 (65) Mikheev,S (2291)-Da Silva Junior,S (2011) chess.com INT 2020}) 11... exf3 (11... Nd5 $11) 12. exf3 $16 {Re1 is the strong threat.} Bc5 13. f4 Ng6 14. Re1+ Be7 15. Nc4 O-O 16. Kh1 Ne4 {White must now prevent ...Nf2+.} 17. Qe2 Bb4 18. Rf1 $1 (18. Bxe4 $6 Bxe1 19. Bd3 (19. Rxe1 fxe4 20. Nd2 e3 $11) 19... Bb4 $11) 18... Kh8 (18... Qe7 $16) 19. a3 (19. Bxe4 $18 fxe4 20. f5 (20. Qxe4 Bh3 $16)) 19... Bc3 20. Bxc3 Nxc3 21. Qd3 Nd5 22. Rae1 Bd7 23. Ne5 Rae8 (23... Nde7 $16) 24. Ndf3 (24. Nxd7 $18 Rxe1 25. Nxf8 (25. Rxe1 Qxd7 26. Nf3 Qc8 $16) 25... Rxf1+ 26. Bxf1 Nxf8 27. Nxf5 (27. Qxf5 Qe7 $16)) 24... Nxe5 $14 25. fxe5 f4 {[#]} (25... b5 $11 {keeps the balance.}) 26. gxf4 ({Better is} 26. Ng5 $1 $16 {[%csl Gg5][%cal Rd3h7][%mdl 512]} Bf5 27. Be4) 26... Nxf4 $11 27. Qd6 $1 {[%cal Rd6c7]} Qc8 28. Ng5 {And now e6! would win.} h6 29. Ne4 (29. e6 $1 $11 Bxe6 30. Rxf4 Rxf4 31. Nxe6 (31. Qxf4 hxg5 32. Qxg5 Kg8 $11)) 29... Nxg2 $17 30. Rxf8+ Rxf8 31. Kxg2 Bh3+ 32. Kh1 Qf5 $40 {[%mdl 128] ( -> ...Qf3+). Black has strong attack.} 33. Qd3 c5 34. Ng3 $2 {[%mdl 8192]} (34. Qg3 $17) 34... Qf2 $19 {[%csl Gf2][%cal Rh3g2]} 35. Qe2 (35. Rg1 $19 Bg4 36. Rf1 Bf3+ 37. Qxf3 Rxf3 38. Rxf2 Rxf2 39. c4) 35... Bg2# $1 {What a bad dream for White.  Weighted Error Value: White=0.64/Black=0.25} 0-1

[Event "POL Youth-ch U20 Girls 2020"]
[Site "Pokrzywna"]
[Date "2020.12.04"]
[Round "7.6"]
[White "Dylag, Emilia"]
[Black "Szczotka, Klara"]
[Result "1/2-1/2"]
[WhiteElo "2082"]
[BlackElo "1928"]
[Annotator "ChessBase"]
[PlyCount "148"]
[EventDate "2020.11.29"]
[EventType "swiss"]
[EventCountry "POL"]
[SourceTitle "playchess.com"]
[Source "ChessBase"]
[SourceQuality "1"]
[TimeControl "40/5400+30:1800+30"]

1. d4 {[%emt 0:00:00]} Nf6 {[%emt 0:00:00]} 2. c4 {[%emt 0:00:00]} g6 {[%emt 0:00:00]} 3. Nc3 {[%emt 0:00:02]} Bg7 {[%emt 0:00:00]} 4. e4 {[%emt 0:00:23]} d6 {[%emt 0:00:07]} 5. Nf3 {[%emt 0:00:25]} O-O {[%emt 0:00:12]} 6. Be2 {[%emt 0:00:18]} c5 {[%emt 0:02:44]} 7. O-O {[%emt 0:01:12]} Nc6 {[%emt 0:02:56]} 8. d5 {[%emt 0:02:14]} Na5 {[%emt 0:00:17]} 9. h3 {[%emt 0:06:01]} e5 {[%emt 0:05:10]} 10. Ne1 {[%emt 0:09:31]} Ne8 {[%emt 0:06:38]} 11. a3 {[%emt 0:09:03]} b6 {[%emt 0:00:32]} 12. b4 {[%emt 0:12:33]} Nb7 {[%emt 0:00:37]} 13. Nd3 {[%emt 0:00:41]} f5 {[%emt 0:01:35]} 14. f3 {[%emt 0:01:00]} f4 {[%emt 0:00:51]} 15. Bd2 {[%emt 0:07:32]} g5 {[%emt 0:06:44]} 16. a4 {[%emt 0:05:26]} h5 {[%emt 0:02:10]} 17. bxc5 {[%emt 0:03:48]} Nxc5 {[%emt 0:00:11]} 18. Nf2 {[%emt 0:00:16]} Rf6 {[%emt 0:11:51]} 19. a5 {[%emt 0:03:24]} Rb8 {[%emt 0:06:52]} 20. Nb5 {[%emt 0:05:16]} a6 {[%emt 0:04:36]} 21. Na7 {[%emt 0:02:17]} Bd7 {[%emt 0:01:02]} 22. Bb4 {[%emt 0:11:04]} Qc7 {[%emt 0:19:11]} 23. Nc6 {[%emt 0:02:19]} Bxc6 {[%emt 0:01:00]} 24. dxc6 {[%emt 0:01:02]} Qxc6 {[%emt 0:00:36]} 25. axb6 {[%emt 0:01:39]} Rxb6 {[%emt 0:01:18]} 26. Bxc5 {[%emt 0:01:24]} Qxc5 {[%emt 0:01:49]} 27. Qd5+ {[%emt 0:00:54]} Qxd5 {[%emt 0:04:03]} 28. cxd5 {[%emt 0:00:14]} Nc7 {[%emt 0:02:35]} 29. Rfc1 {[%emt 0:01:51]} Nb5 {[%emt 0:02:45]} 30. Rc6 {[%emt 0:00:45]} Rb7 {[%emt 0:02:37]} 31. Bxb5 {[%emt 0:03:37]} axb5 {[%emt 0:00:13]} 32. Nd3 {[%emt 0:00:28]} Rg6 {[%emt 0:03:18]} 33. Kf2 {[%emt 0:04:12]} Kf7 {[%emt 0:01:26]} 34. Raa6 {[%emt 0:01:21]} Ke7 {[%emt 0:00:28]} 35. Nc5 {[%emt 0:00:31]} Rb8 {[%emt 0:00:51]} 36. Ra7+ {[%emt 0:02:07]} Ke8 {[%emt 0:01:54]} 37. Ne6 {[%emt 0:00:44]} Bf8 {[%emt 0:00:53]} 38. Nc7+ {[%emt 0:02:14]} Kd8 {[%emt 0:00:19]} 39. Ne6+ {[%emt 0:00:45]} Ke8 {[%emt 0:00:04]} 40. Rh7 {[%emt 0:00:00]} Rg8 {[%emt 0:00:00]} 41. Nxf8 {[%emt 0:11:06]} Kxf8 {[%emt 0:04:40]} 42. Rxd6 {[%emt 0:01:01]} b4 {[%emt 0:04:36]} 43. Rdd7 {[%emt 0:05:00]} g4 {[%emt 0:04:28]} 44. hxg4 {[%emt 0:09:48]} hxg4 {[%emt 0:00:04]} 45. Rde7 {[%emt 0:02:25]} g3+ {[%emt 0:03:12]} 46. Ke2 {[%emt 0:00:17]} Rg6 {[%emt 0:00:36]} 47. Rxe5 {[%emt 0:03:02]} Kg8 {[%emt 0:03:28]} 48. Reh5 {[%emt 0:01:04]} Rb5 {[%emt 0:02:18]} 49. Ra7 {[%emt 0:00:48]} Rc5 {[%emt 0:02:48]} 50. Re5 {[%emt 0:01:06]} Rf6 {[%emt 0:01:08]} 51. Re8+ {[%emt 0:00:20]} Rf8 {[%emt 0:00:04]} 52. Rxf8+ {[%emt 0:00:32]} Kxf8 {[%emt 0:00:03]} 53. Ra2 {[%emt 0:00:20]} b3 {[%emt 0:01:07]} 54. Rd2 {[%emt 0:01:02]} Rc3 {[%emt 0:01:46]} 55. d6 {[%emt 0:00:32]} Ke8 {[%emt 0:00:04]} 56. d7+ {[%emt 0:00:26]} Kd8 {[%emt 0:00:03]} 57. Kd1 {[%emt 0:00:16]} b2 {[%emt 0:02:22]} 58. Rxb2 {[%emt 0:00:09]} Kxd7 {[%emt 0:00:02]} 59. Rb5 {[%emt 0:01:11]} Ra3 {[%emt 0:00:45]} 60. Rf5 {[%emt 0:00:22]} Ra2 {[%emt 0:01:34]} 61. Rxf4 {[%emt 0:00:14]} Rxg2 {[%emt 0:00:04]} 62. Rg4 {[%emt 0:00:06]} Ke6 {[%emt 0:00:39]} 63. f4 {[%emt 0:01:16]} Kf6 {[%emt 0:02:57]} 64. Ke1 {[%emt 0:00:25]} Rf2 {[%emt 0:02:26]} 65. f5 {[%emt 0:00:26]} Rg2 {[%emt 0:00:16]} 66. Kf1 {[%emt 0:00:30]} Rf2+ {[%emt 0:00:04]} 67. Kg1 {[%emt 0:00:25]} Re2 {[%emt 0:00:15]} 68. Rg6+ {[%emt 0:00:17]} Ke5 {[%emt 0:01:01]} 69. Rxg3 {[%emt 0:00:32]} Rxe4 {[%emt 0:00:34]} 70. Rf3 {[%emt 0:00:07]} Rg4+ {[%emt 0:00:27]} 71. Kh2 {[%emt 0:00:26]} Kf6 {[%emt 0:00:55]} 72. Kh3 {[%emt 0:00:14]} Rg5 {[%emt 0:00:04]} 73. Kh4 {[%emt 0:00:06]} Rxf5 {[%emt 0:00:03]} 74. Rxf5+ {[%emt 0:00:05]} Kxf5 {[%emt 0:00:03]} 1/2-1/2

[Event "POL Youth-ch U20 Girls 2020"]
[Site "Pokrzywna"]
[Date "2020.12.04"]
[Round "7.7"]
[White "Smietanska, Wiktoria"]
[Black "Kroliczek, Gabriela"]
[Result "1-0"]
[WhiteElo "2013"]
[BlackElo "1911"]
[Annotator "TA"]
[PlyCount "71"]
[EventDate "2020.11.29"]
[EventType "swiss"]
[EventCountry "POL"]
[SourceTitle "playchess.com"]
[Source "ChessBase"]
[SourceQuality "1"]

{[%evp 9,71,-4,5,10,12,-6,-6,-15,0,0,28,-1,6,-21,3,-36,-19,-38,33,3,52,28,37,11,50,47,36,1,136,129,118,127,145,140,299,292,376,377,370,341,350,358,374,355,562,460,438,436,514,414,467,430,507,486,707,596,1111,949,5456,5447,3170,1177,6479,5581]} 1. d4 Nf6 2. Bf4 e6 3. e3 c5 4. Nf3 Nc6 5. c3 b6 6. Nbd2 {A46: 1 d4 Nf6 2 Nf3 e6: Torre, London and Colle Systems.} Be7 7. Bd3 Nh5 8. Bg3 {The position is equal.} Nxg3 9. hxg3 g6 {[#]} 10. Rc1 $146 ({Predecessor:} 10. Qe2 Bb7 11. Nh4 Bf6 12. Ne4 d6 13. Nxf6+ Qxf6 14. Nf3 cxd4 15. exd4 Ne7 16. Bb5+ {0-1 (23) Borup,M (1992)-Wickstrom,L (2177) Helsingor 2009}) 10... d6 11. Qc2 Bf6 12. Qb1 O-O 13. Bb5 Ne7 ({Black should play} 13... Bb7 $15) 14. Qe4 $14 Rb8 15. Qf4 Bg7 $1 16. g4 $36 {[%mdl 2048] Threatening g5. White has the initiative.} (16. Ne4 {is interesting.} h5 17. g4 f5 18. gxf5 Nxf5 19. Qg5) 16... f6 (16... cxd4 {feels hotter.} 17. cxd4 e5 18. Qh2 h6 19. dxe5 dxe5 20. g5 h5) 17. Qh2 {Strongly threatening g5.} h6 18. Bd3 e5 {[#]} (18... Bb7 $11 {keeps the balance.}) 19. dxe5 $1 $16 fxe5 20. g5 h5 21. Nh4 Bf5 $2 {Black cannot hold the game after this.} (21... Bg4 $16) 22. Nxf5 $18 Nxf5 {[#]} 23. g4 $1 {[%mdl 512]} Nxe3 (23... hxg4 24. Qh7+) 24. fxe3 Qxg5 25. Bc4+ Kh8 26. Qe2 h4 (26... Bh6 {might work better.} 27. gxh5 Qg3+ 28. Kd1 Qxe3 29. Qxe3 Bxe3) 27. Nf3 Rxf3 28. Qxf3 Rf8 29. Qh3 Bf6 30. Ke2 {White is clearly winning.} e4 31. Rcd1 {[%cal Bc1d1,Bd1d5,Bd5d6][%mdl 32]} Re8 (31... b5 $142 32. Bd5 Kg7) 32. Rd5 Qh6 33. Rxd6 g5 34. Rf1 Rf8 35. Rf5 Qg7 36. Qf1 {Weighted Error Value: White=0.27/Black=0.53} 1-0

[Event "POL Youth-ch U20 Girls 2020"]
[Site "Pokrzywna"]
[Date "2020.12.04"]
[Round "7.8"]
[White "Bukala, Weronika"]
[Black "Karykowska, Anna"]
[Result "0-1"]
[WhiteElo "1677"]
[BlackElo "1979"]
[Annotator "TA"]
[PlyCount "80"]
[EventDate "2020.11.29"]
[EventType "swiss"]
[EventCountry "POL"]
[SourceTitle "playchess.com"]
[Source "ChessBase"]
[SourceQuality "1"]

{[%evp 21,80,16,43,22,54,7,48,22,33,7,22,-11,-11,-5,-10,-15,-19,-20,-14,-23,-10,-25,-19,-15,0,-66,-65,-63,-66,-271,-127,-362,-196,-274,-200,-289,-297,-294,-303,-294,-290,-275,-283,-412,-396,-416,-400,-431,-418,-520,-445,-451,-430,-404,-400,-942,-906,-2491,-988,-6279,-6279]} 1. e4 c5 2. Nf3 a6 3. Nc3 e6 4. d4 cxd4 5. Nxd4 Nc6 6. Be3 Nf6 7. a3 Qc7 8. Be2 Be7 9. O-O O-O 10. f4 d6 11. Qe1 Bd7 12. Qg3 {B48: Sicilian: Taimanov: 5 Nc3 Qc7 6 Be3 a6 without Be2.} Rad8 {[#]} 13. Rae1 $146 ({Predecessor:} 13. e5 dxe5 14. Nxc6 Bxc6 15. fxe5 Ne4 16. Nxe4 Bxe4 17. c3 Bc5 18. Bh5 Rd3 19. Rae1 f5 {½-½ (40) Sturm,S (1742)-Kostbar,K (1886) Koblenz 2004}) 13... Kh8 14. Bd3 {White is slightly better.} b5 15. Nxc6 Bxc6 16. e5 Nd7 {[%cal Rd6e5]} 17. exd6 Qxd6 18. Ne4 Bxe4 19. Bxe4 Nf6 20. Bd3 Qc7 21. Qh3 Bc5 22. f5 e5 {[#] White must now prevent ...e4.} 23. Kh1 (23. Bxc5 $1 $11 Qxc5+ 24. Qe3) 23... Bxe3 $1 $15 24. Rxe3 Rfe8 $36 {[%mdl 2048] ...e4 is the strong threat. Black has the initiative.} 25. g4 $2 ({White should play} 25. Qf3 $15) 25... Qc6+ (25... e4 $19 {and Black stays clearly on top.} 26. Be2 Qxc2) 26. Kg1 $2 (26. Qg2 $17 Qxg2+ 27. Kxg2) 26... Qc5 (26... e4 $142 27. Be2 Qxc2) 27. Kh1 {[#]} (27. b4 $142 Qd4 28. c3) 27... Nxg4 $1 {[%mdl 512]} 28. f6 (28. Re2 {is the only way for White.} Nf6 29. Qg2) (28. Qxg4 Qxe3) 28... Nxf6 $19 29. Rxf6 {[%csl Gd3][%cal Rh3h7]} Rxd3 $1 30. Rxd3 gxf6 {[%mdl 4096] Endgame KQR-KQR} 31. Qf5 Qc6+ ({Not} 31... Qxc2 $2 32. Qxf6+ Kg8 33. Rg3+ Kf8 34. Qh8+ Ke7 35. Qxe5+ Kd8 36. Qf6+ Kd7 37. Qd4+ Kc8 38. Rc3+ Qxc3 39. Qxc3+ $18) 32. Kg1 (32. Rf3 $142 Kg7 33. Kg1) 32... Rg8+ 33. Rg3 Rg6 34. Kf2 Kg7 35. c3 Qc5+ 36. Ke2 Qc4+ 37. Ke3 Qh4 38. Rxg6+ (38. Qf2 $142 Qh5 39. Qe2 Qh6+ 40. Kf3) 38... hxg6 {Black is clearly winning.} 39. Qc8 Qf4+ (39... Qe1+ $142 40. Kd3 e4+ 41. Kd4 e3) 40. Kd3 e4+ {Black took control after the opening. Accuracy: White = 27%, Black = 62%.} 0-1

[Event "POL Youth-ch U20 Girls 2020"]
[Site "Pokrzywna"]
[Date "2020.12.04"]
[Round "7.9"]
[White "Adamczyk, Zuzanna"]
[Black "Furtak, Joanna"]
[Result "1-0"]
[WhiteElo "1924"]
[BlackElo "1837"]
[Annotator "TA"]
[PlyCount "171"]
[EventDate "2020.11.29"]
[EventType "swiss"]
[EventCountry "POL"]
[SourceTitle "playchess.com"]
[Source "ChessBase"]
[SourceQuality "1"]

{[%evp 16,171,33,36,45,39,30,39,50,41,50,37,69,46,59,53,54,62,58,79,74,54,62,28,40,27,33,6,0,0,0,-41,-39,-58,-29,-61,-32,-58,-35,-43,-43,-101,0,0,0,0,0,0,0,0,0,0,14,35,39,0,0,0,0,0,102,0,33,0,49,49,236,218,881,206,202,0,0,0,0,0,0,1,8,8,21,21,22,22,22,22,62,46,218,162,223,216,335,303,556,517,1286,1286,1274,1061,1277,1277,1275,1250,1250,1250,1148,1071,1095,1114,1007,953,933,908,931,900,722,458,1989,0,117,8,8,8,8,0,8,0,8,0,8,8,10,0,0,0,0,0,0,0,29968,29970,29965,29967,29979,29980,29981,29982,29982,29983,29983,29984,29984,29985,29985,29986,29986,29987]} 1. d4 Nf6 2. c4 g6 3. g3 Bg7 4. Bg2 O-O 5. Nf3 d6 6. Nc3 Nc6 7. O-O a6 8. b3 $1 {[%mdl 4] is currently scoring better than 8.h3.} Rb8 9. d5 Na5 {E63: King's Indian: Fianchetto: Panno Variation with 7...a6.} 10. Bg5 c5 11. dxc6 Nxc6 {White is slightly better.} 12. Rc1 h6 13. Bd2 Bd7 14. Nd5 Kh7 15. Bc3 {[#]} Nxd5 $146 ({Predecessor:} 15... Nh5 16. Nd4 Nxd4 17. Bxd4 Bxd4 18. Qxd4 Ng7 19. Rfd1 Bc6 20. c5 Ne6 21. Qe3 Nxc5 22. Qxe7 Qxe7 23. Nxe7 Bxg2 24. Kxg2 {1-0 (49) Balakrishnan,P (2423)-Dukic,Z (2275) Rockville 2019}) 16. cxd5 Ne5 17. Nxe5 Bxe5 18. Bxe5 dxe5 19. Qd2 Qb6 20. Rc4 Kg7 21. Qc3 f6 22. Rd1 Qd6 23. f4 exf4 24. gxf4 Rfc8 (24... b5 $5 {[%cal Rb5c4]} 25. Rcd4 Rbc8 $15) 25. Qd4 g5 26. Rf1 Bb5 27. Rxc8 Rxc8 28. Qe4 (28. h4 $15) 28... gxf4 (28... Rc3 $17 29. Rd1 Qc5+ 30. Qd4 Bxe2 31. Qxc5 Rxc5) 29. Bh3 $11 Bd7 30. Bxd7 Qxd7 31. Rxf4 {[%mdl 4096] Endgame KQR-KQR} Rc5 32. Rg4+ Kf8 33. Qf4 Rxd5 34. Qxh6+ Kf7 35. Qh7+ Ke6 36. Re4+ Kd6 37. h4 e6 (37... e5 $11 38. Qg6 Ke6) 38. Qg6 (38. Qh8 $1 $16) 38... f5 39. Re3 Rd4 40. Qf6 Rg4+ $2 (40... Rd5 $14) 41. Kf2 {Hoping for Rd3+.} Kc7 $2 (41... Kc5 42. Rxe6 (42. Rd3 Qg7 $14) 42... Qd4+ 43. Qxd4+ Kxd4) 42. Qe5+ $2 (42. Rd3 Qe8 43. Qe5+ Kb6 44. Rd6+ Ka7 45. Qe3+ Ka8 46. Rxe6 Rf4+ 47. Ke1 Qxe6 48. Qxe6 Rxh4 49. Qxf5 Rh1+ 50. Kf2) 42... Kb6 $18 43. Rd3 $2 ({White has to play} 43. Qxe6+ $18 Qc6 44. Qxc6+ Kxc6 45. Rh3) 43... Qe7 $36 {[%mdl 2048] Black is pushing.} 44. Qe3+ Kc7 45. Qe5+ Kb6 46. Qd6+ Qxd6 47. Rxd6+ {KR-KR} Kc5 48. Rxe6 {White wants to play h5.} Rxh4 49. Re5+ Kd4 50. Rxf5 Ke4 51. Rf7 Rh2+ $2 (51... b5 $1 $14) 52. Ke1 $18 Rh1+ (52... b5 $142 53. Kd2 Rh6) 53. Kd2 Ra1 (53... b5 $142 54. Rf6 a5) 54. a4 $1 (54. Rxb7 Rxa2+ 55. Ke1 a5 $11) 54... Ra2+ $2 (54... b6 55. Rf6 Kd4 56. Rxb6 Ra2+ 57. Ke1 Ra3) 55. Kc3 b5 (55... Kd5 $142 56. Rxb7 Rxe2) 56. axb5 axb5 57. Kb4 Rb2 58. Re7+ Kd5 59. e4+ Kd6 60. Re8 Rb1 61. e5+ {Cut Off at move 61} Kd7 62. Rb8 Kc6 63. Rc8+ Kb6 64. Rd8 Re1 65. Rd6+ Kb7 66. Rd5 Ka6 (66... Kb6 $142 67. Rxb5+ Kc6) 67. Rd6+ $2 (67. Kc5 $18 Kb7 68. Kd6) 67... Kb7 $16 {[#]} 68. e6 ({Don't play} 68. Kxb5 $6 Rxe5+ 69. Ka4 Rg5 $11) (68. Re6 $1 $16) 68... Kc7 $11 69. Ra6 Kb7 70. Rd6 {aiming for Kc5.} Kc7 71. Rd7+ Kc6 72. Re7 Re3 73. Re8 Kc7 74. Kxb5 {b4 is the strong threat.} Rxb3+ 75. Kc5 (75. Kc4 $5 {[%cal Rc4b3]} Rh3 76. Rg8 $11) 75... Rb1 76. Ra8 {White wants to mate with e7.} Rc1+ 77. Kd5 {White threatens e7 and mate.} Rd1+ $2 {[%mdl 8192]} (77... Re1 $11) 78. Ke5 {White mates.} Re1+ {[#]} 79. Kf6 $1 Kd6 80. Rd8+ Kc7 81. e7 Rf1+ 82. Kg5 Rg1+ 83. Kf4 Rf1+ 84. Kg3 Re1 85. e8=Q Rxe8 86. Rxe8 {Weighted Error Value: White=0.26/Black=0.39} 1-0